000 00681nam a2200289Ia 4500
005 20260324132501.0
008 008 260324s9999 xx 000 0 eng d
020 _a9781351236867
037 _aEBOOK
040 _aCRL
040 _beng
040 _cCRL
041 _2eng
041 _aeng
084 _qCRL
100 _aKathy Hall
_91189454
245 0 _aLiteracy and Schooling
245 0 _bTowards Renewal in Primary Education Policy
260 _bTaylor and Francis
260 _c2004
365 _a
365 _b115
856 _uhttp://www.taylorfrancis.com/books/9781351236867
942 _cEBOOK
999 _c1787607
_d1787607